Central Library OPAC University of Rajshahi

The Soviet view of war, peace, and neutrality / (Record no. 5138)

MARC details
000 -LEADER
fixed length control field 00841nam a2200289 i 4500
001 - CONTROL NUMBER
control field 5138
003 - CONTROL NUMBER IDENTIFIER
rucl marc code BD-RjUL
005 - DATE AND TIME OF LATEST TRANSACTION
control field 20211208234021.0
008 - FIXED-LENGTH DATA ELEMENTS--GENERAL INFORMATION
fixed length control field 131224s1975 enk b 00010 eng
020 ## - INTERNATIONAL STANDARD BOOK NUMBER
International Standard Book Number 071008143X :
035 ## - SYSTEM CONTROL NUMBER
System control number (BD-RjUL)5174
040 ## - CATALOGING SOURCE
Original cataloging agency BD-RjUL
Language of cataloging eng
Transcribing agency BD-RjUL
041 ## - LANGUAGE CODE
Language code of text/sound track or separate title eng
082 00 - DEWEY DECIMAL CLASSIFICATION NUMBER
Classification number 335.4383271
Author mark and year VIS 1975
100 10 - MAIN ENTRY--PERSONAL NAME
Personal name Vigor, P. H.
Fuller form of name (Peter Hast)
9 (RLIN) 16178
245 14 - TITLE STATEMENT
Title The Soviet view of war, peace, and neutrality /
Statement of responsibility, etc. by P. H. Vigor.
260 0# - PUBLICATION, DISTRIBUTION, ETC. (IMPRINT)
Place of publication, distribution, etc. London ;
-- Boston :
Name of publisher, distributor, etc. Routledge & K. Paul,
Date of publication, distribution, etc. 1975.
300 ## - PHYSICAL DESCRIPTION
Pagination vi, 256 p. ;
Size 22 cm.
504 ## - BIBLIOGRAPHY, ETC. NOTE
Bibliography, etc includes Index.
Bibliography, etc Bibliography: p. [240]-244.
650 #0 - SUBJECT ADDED ENTRY--TOPICAL TERM
Topical term or geographic name as entry element War and socialism.
9 (RLIN) 10723
Topical term or geographic name as entry element Communist strategy.
9 (RLIN) 16179
Topical term or geographic name as entry element Neutrality.
9 (RLIN) 16180
Topical term or geographic name as entry element Peace.
9 (RLIN) 16181
942 ## - ADDED ENTRY ELEMENTS (KOHA)
Source of classification or shelving scheme Dewey Decimal Classification
Koha item type Books
Holdings
Lost status Source of classification or shelving scheme Damaged status Not for loan Collection code Permanent Location Current Location Shelving location Date acquired Source of acquisition Cost, normal purchase price Total Checkouts Full call number Date last seen Copy number Koha item type
  Dewey Decimal Classification     Non-fiction Central Library, University of Rajshahi Central Library, University of Rajshahi   01/08/1979 Heffers. 6.50   335.4383271 VIS 1975 24/12/2013 C-2 Books
  Dewey Decimal Classification     Non-fiction Central Library, University of Rajshahi Central Library, University of Rajshahi   01/08/1979 Heffers. 6.50   335.4383271 VIS 1975 14/08/2016 C-3 Books
  Dewey Decimal Classification     Non-fiction Central Library, University of Rajshahi Central Library, University of Rajshahi   01/08/1979 Heffers. 6.50   335.4383271 VIS 1975 14/08/2016 C-4 Books